Geography Typing Challenge Quiz Stats

 Plays Quiz not verified by Sporcle

Score 0/50 Timer 01:00
0 Plays Today
Word Word % Correct
????
100%
????
99.9%
????
99.8%
????
99.6%
????
99.4%
????
99.3%
????
99.1%
????
99%
????
98.8%
????
98.7%
????
98.4%
????
98.2%
????
97.7%
????
97%
????
96.3%
????
95.8%
????
94.7%
????
93.8%
????
92.5%
????
91.3%
????
90.6%
????
89.4%
????
88.5%
????
87.4%
????
86.4%
Word Word % Correct
????
84.9%
????
83%
????
80.2%
????
78.2%
????
76.5%
????
73.5%
????
69.4%
????
66.5%
????
63.9%
????
61.7%
????
57.9%
????
51.9%
????
49%
????
43.7%
????
40.4%
????
37.6%
????
34.9%
????
31.9%
????
27.7%
????
23.7%
????
20.2%
????
17%
????
13.5%
????
10.8%
????
7.5%

You're not logged in!

Compare scores with friends on all Sporcle quizzes.
Join for Free
OR
Log In

You Might Also Like...

Show Comments

Extras

Created Jul 11, 2011ReportNominate
Tags:Typing Quiz, challenge, fast

Top Quizzes Today


Score Distribution

Your Account Isn't Verified!

In order to create a playlist on Sporcle, you need to verify the email address you used during registration. Go to your Sporcle Settings to finish the process.

Report this User

Report this user for behavior that violates our Community Guidelines.

Details: